opac header logoIBA Library

Management information systems / (Record no. 81)

MARC details
000 -LEADER
fixed length control field 00770cam a2200241 a 4500
003 - CONTROL NUMBER IDENTIFIER
control field BD-DhUIB
005 - DATE AND TIME OF LATEST TRANSACTION
control field 20210322120237.0
008 - FIXED-LENGTH DATA ELEMENTS--GENERAL INFORMATION
fixed length control field 040823s2006 maua b 001 0 eng
020 ## - INTERNATIONAL STANDARD BOOK NUMBER
International Standard Book Number 007293588X (alk. paper)
020 ## - INTERNATIONAL STANDARD BOOK NUMBER
International Standard Book Number 978007293588
040 ## - CATALOGING SOURCE
Original cataloging agency DLC
Transcribing agency DLC
Modifying agency BD-DhUIB
082 00 - DEWEY DECIMAL CLASSIFICATION NUMBER
Classification number 658.4038011
Edition number 22
100 1# - MAIN ENTRY--PERSONAL NAME
Personal name O'Brien, James A.,
Dates associated with a name 1936-
9 (RLIN) 150
245 10 - TITLE STATEMENT
Title Management information systems /
Statement of responsibility, etc. by James A. O'Brien, George M. Marakas.
250 ## - EDITION STATEMENT
Edition statement 7th ed.
260 ## - PUBLICATION, DISTRIBUTION, ETC.
Place of publication, distribution, etc. Boston :
Name of publisher, distributor, etc. McGraw-Hill Irwin,
Date of publication, distribution, etc. c2006.
300 ## - PHYSICAL DESCRIPTION
Extent xxxi, 592 p. :
Other physical details col. ill. ;
Dimensions 28 cm.
504 ## - BIBLIOGRAPHY, ETC. NOTE
Bibliography, etc. note Includes bibliographical references (p. 541-550) and indexes.
526 ## - STUDY PROGRAM INFORMATION NOTE
Program name BBA.
650 #0 - SUBJECT ADDED ENTRY--TOPICAL TERM
Topical term or geographic name entry element Management information systems.
9 (RLIN) 151
700 1# - ADDED ENTRY--PERSONAL NAME
Personal name Marakas, George M.
9 (RLIN) 141
942 ## - ADDED ENTRY ELEMENTS (KOHA)
Source of classification or shelving scheme Dewey Decimal Classification
Koha item type Books
Holdings
Withdrawn status Lost status Source of classification or shelving scheme Damaged status Not for loan Collection code Home library Current library Shelving location Date acquired Source of acquisition Total Checkouts Full call number Barcode Date last seen Copy number Price effective from Koha item type Total Renewals Date due Date last checked out
    Dewey Decimal Classification     Fiction IBA Library IBA Library General Stacks 06/07/2009 Asia Foundation   658.4038 Ob6m 7th ed. 00049737 03/22/2021 C-1 03/22/2021 Books      
    Dewey Decimal Classification     Fiction IBA Library IBA Library General Stacks 06/07/2009 Asia Foundation   658.4038 Ob6m 7th ed. 00049738 03/22/2021 C-2 03/22/2021 Books      
    Dewey Decimal Classification     Fiction IBA Library IBA Library General Stacks 06/07/2009 Asia Foundation   658.4038 Ob6m 7th ed. 00049739 03/22/2021 C-3 03/22/2021 Books      
    Dewey Decimal Classification     Non-fiction IBA Library IBA Library General Stacks 03/18/2007 Purchase 1 658.4038 00048733 10/25/2025 C-1 10/25/2025 Books 2 02/08/2026 10/25/2025
Copyright © 2021-2026 | IBA Library
Institute of Business Administration (IBA)
University of Dhaka
Library Home | IBA Home